Viszonzott szerelem a fődíjas Varró Vince professzor /

Elmentve itt :
Bibliográfiai részletek
Szerzők: Varró Vince
Kalocsai Katalin
Dokumentumtípus: Cikk
Megjelent: 2001-03-17
Sorozat:Délmagyarország 91 No. 64
Kulcsszavak:Varró Vince, Szeged, Kitüntetés Szegedért Alapítvány 2001, Orvos egyetemi tanár Szeged
Online Access:http://dmarchiv.bibl.u-szeged.hu/132343
LEADER 00592nab a2200169 i 4500
001 delm132343
005 20191104101830.0
008 191104s2001 hu o 0|| hun d
040 |a SZTE Délmagyarország Archívum  |b hun 
041 |a hun 
100 1 |a Varró Vince 
245 1 0 |a Viszonzott szerelem   |h [elektronikus dokumentum] :  |b a fődíjas Varró Vince professzor /  |c  Varró Vince 
260 |c 2001-03-17 
300 |a 6 
490 0 |a Délmagyarország  |v 91 No. 64 
695 |a Varró Vince, Szeged, Kitüntetés Szegedért Alapítvány 2001, Orvos egyetemi tanár Szeged 
700 0 1 |a Kalocsai Katalin  |e aut